LEADER 01344nam a2200289 i 4500 001 000000230974 003 CaOOAMICUS 005 20191017085544.0 008 140702s2011 it u000 u ita u 013 $a209877 020 $a978-88-6227-370-1 040 $aSeMil$bita 100 1 $aMatteoli, Sara <1981- >.$0(OLS)http://semarc/name/75739 245 10$aAlle origini della teologia di Pelagio :$btematiche e fonti delle Expositiones 13. Epistularum Pauli /$cSara Matteoli. 260 $aPisa ;$aRoma :$bFabrizio Serra,$c2011. 300 $a200 p. ;$c25 cm. 490 0 $aStudi sulla tardoantichità ;$v6 600 04$aPelagio.$0(OLS)http://semarc/subject/14266 650 4$aPelagio . Expositiones XIII epistularum Pauli - Teologia.$0(OLS)http://semarc/subject/41417 830 0$aStudi sulla tardoantichità ;$v6.$0(OLS)http://semarc/title/40963 850 $aSeMil 852 $aSeMil$W1$xVenegono$y1$m2T V 82$j181320$B181320$CSeMilBibl$Z2$F192256 $81 961 $aAcquisto: LI.CO.SA 996 $6020$a978-88-6227-370-1$9(OLS)http://semarc/number/234043 996 $6245$aAlle origini della teologia di Pelagio :$btematiche e fonti delle Expositiones 13. Epistularum Pauli$9(OLS)http://semarc/title/329895 996 $6260$aPisa ;$aRoma :$bFabrizio Serra$9(OLS)http://semarc/publisher/34314 LEADER 01199nam a2200253 i 4500 001 000000228642 003 CaOOAMICUS 005 20140408000000.0 008 140408s1915 it u000 u ita u 013 $a207544 040 $aSeMil$bita 100 1 $aVaccari, Alberto,$d<1875-1965>.$0(OLS)http://semarc/name/3749 245 13$aUn commento a Giobbe di Giuliano di Eclana /$cP. Alberto Vaccari. 260 $aRoma :$bPontificio istituto biblico,$c1915. 300 $a218 p. ;$c25 cm. 490 0 $aScripta Pontificii Instituti Biblici 650 4$aBibbia. Antico Testamento. Giobbe - Commentari, studi, critica, interpretazioni.$0(OLS)http://semarc/subject/182 650 4$aPelagianesimo.$0(OLS)http://semarc/subject/10215 650 4$aGiuliano : di Eclano .$0(OLS)http://semarc/subject/41289 830 0$aScripta Pontificii Instituti Biblici.$0(OLS)http://semarc/title/8108 850 $aSeMil 852 $aSeMil$W1$xVenegono$y1$m2Y V 85$j178988$B178988$CSeMilBibl$Z2$F190070 $81 996 $6245$aUn commento a Giobbe di Giuliano di Eclana$9(OLS)http://semarc/title/327233 996 $6260$aRoma :$bPontificio istituto biblico$9(OLS)http://semarc/publisher/38147